000 00586nam a22002297a 4500
003 UA-OsUOA
001 124417
007 ta
008 20170810b un ||||| |||| 00| 0 ukr d
100 _aАкутагава Р.
090 _a821.161.2
_bА44
942 _cBK
040 _aUA-OsUOA
_bukr
_cUA-OsUOA
_dUA-OsUOA
245 _aРасьомон
_bновели
300 _a246 с.
955 _a3
041 _aukr
080 _a821.161.2
260 _aК.
_bДніпро
_c1971
650 7 _a82 Література. Літературознавство
_2UDC
999 _c411562
_d411562